Score 0/20 Timer 20:00
1 Play Today
Question Answer Wrong Answers
What was the second film called in the 'Home Alone' series? Home Alone 2: Lost in New York
86.4%
Home Alone 2: Lost Again
5.8%
Home Alone Again
6.9%
Ruth Langsford is the wife of which TV presenter? Eamonn Holmes
82.8%
Phillip Schofield
9.5%
Piers Morgan
6.8%
The following are the opening lyrics of which song: ''Where it began, I can't begin to knowing; but then I know it's growing strong''? Sweet Caroline
78.1%
Forever in Blue Jeans
14.3%
American Pie
6.7%
Which is the smallest state in Australia? Tasmania
72.7%
Victoria
17.3%
New South Wales
9.1%
In which year did Ireland change to decimalisation? 1971
66.6%
1981
21.1%
1991
11.4%
Which singer had a hit with 'Bad Guy'? Billie Eilish
63.1%
Lorde
10.7%
Ariana Grande
25.2%
American singer/songwriter, Stevland Hardaway Morris, is better known by what name? Stevie Wonder
62.5%
Stevie Nicks
23.7%
Seasick Steve
13%
What two colours were on the car of Starsky and Hutch in the 1970s TV series? Red and white
62.5%
Blue and white
16.1%
Red and black
20.5%
'Something About You,' and, 'Lessons In Love' where chart hits for which UK band? Level 42
60%
Go West
15.5%
Take That
23.5%
River Plate and San Lorenzo are two of the biggest football clubs in which country? Argentina
56.2%
Brazil
29.1%
Mexico
13.9%
Who was South Africa's 1995 World Cup Rugby Union winning captain? Francois Pienaar
55.8%
Joost van der Westhuizen
29.7%
Joel Stransky
13.7%
Samsung Electro-Mechanics was founded in which country? South Korea
55.6%
China
9.8%
Japan
33.7%
Craigavon is in which Northern Ireland county? Armagh
46.6%
Down
31.2%
Derry
21.3%
What was the birthname of American comedian 'Groucho' Marx? Julius Marx
42.4%
Marx Julius
19.7%
Julian Marx
37%
Which is the largest country in all of Africa by land area? Algeria
37.2%
Democratic Republic of the Congo
46.3%
Angola
15.5%
What is the middle colour of the three colours on the flag of Armenia? Blue
34.4%
Red
26.7%
Yellow
37.9%
In the children's cartoon series, 'Postman Pat,' what is the name of his wife? Sara
33.9%
Mary
33.5%
Esther
31.8%
Pierre is the capital of which US state? South Dakota
32.2%
North Dakota
24.9%
Montana
42%
In the 1970s TV series, 'Hart to Hart,' what was the occupation of Jennifer Hart? Freelance journalist
32.1%
Doctor
15.8%
Private investigator
51.2%
Who were the two Ulster counties to win All-Ireland senior football titles in the 1990s? Down and Derry
30%
Down and Tyrone
50.2%
Armagh and Derry
18.9%
Remove Ads.
Support Sporcle.
Get the best of Sporcle when you Go Orange. This ad-free experience offers more features, more stats, and more fun while also helping to support Sporcle. Thank you for becoming a member.

You're not logged in!

Compare scores with friends on all Sporcle quizzes.
OR
Log In

Sporcle TV

Today on Sporcle TV


Watch our educational content, quiz creation guides, and fun videos on Sporcle TV.

Show Comments

Extras

Top Quizzes Today


Score Distribution

Paid Content

Your Account Isn't Verified!

In order to create a playlist on Sporcle, you need to verify the email address you used during registration. Go to your Sporcle Settings to finish the process.

Report this User

Report this user for behavior that violates our Community Guidelines.

Details: